000 00492pab a2200169 454500
008 180718b2003 xxu||||| |||| 00| 0 eng d
100 _aRubenstein, Ross
245 _aBetter than raw: a guide to measuring organizational performance with adjusted performance measures
260 _c2003
300 _ap.607-15.
362 _aSep-Oct
650 _aOrganizations
700 _aStiefel, Leanna
700 _aSchwartz, Amy Ellen
773 _aPublic Administration Review
909 _a58115
999 _c58115
_d58115